Los Documentos de arquitectura y cartografía : qué son y cómo se tratan / Andreu Carrascal Simon, Rosa Maria Gil Tort qué son y cómo se tratan / Andreu Carrascal Simon, Rosa Maria Gil Tort

per Carrascal Simon, Andreu

ISBN: 978-84-9704-335-9
Publicat: Asturias : Trea , 2007
Descripció física: 147 p. : il. col. ; 21 cm
Altres autors: Gil i Tort, Rosa M.

MARC

LEADER 00000nam a2200000Ia 4500
001 21944
008 160829s2007 xx 000 0 cat d
020 |a 978-84-9704-335-9 
080 |a A-2-371 
100 |a Carrascal Simon, Andreu  |9 39376 
245 |a Los Documentos de arquitectura y cartografía :  |b  qué son y cómo se tratan / Andreu Carrascal Simon, Rosa Maria Gil Tort 
260 |a Asturias :  |b Trea,  |c 2007 
300 |a 147 p. :  |b  il. col. ;  |c 21 cm 
490 |a Archivos siglo XXI ; 4 
590 |a Bibliografia 
650 |a I- Materials no-llibre  |x Conservació i restauració   |9 39377 
650 |a Materials d'arxiu  |x Conservació i restauració  |9 39378 
700 |a Gil i Tort, Rosa M.  |9 22891 
901 |a Arxiu 
942 |n 1 
952 |0 0  |1 0  |4 0  |6 A2371  |7 1  |9 48985  |a Arxiu  |b Arxiu  |d 2016-12-01  |l 0  |o A-2-371  |p 21944  |r 2016-12-01 00:00:00  |w 2016-12-01  |y ARXIU 
999 |c 52820  |d 52820